| 000 | 00398nam a2200169Ia 4500 | ||
|---|---|---|---|
| 008 | 220531s9999 xx 000 0 und d | ||
| 041 | _aeng | ||
| 082 | _bJOS | ||
| 100 |
_aJoshi, Shriniwas _954816 |
||
| 245 | _aPrinciples Of Marketing | ||
| 260 |
_bVision _c2008 |
||
| 300 | _a6.4 | ||
| 542 | _d04-12-2008 | ||
| 650 |
_aMarketing _954817 |
||
| 906 | _d2008-2009 | ||
| 999 |
_c31707 _d31707 |
||